|
|
|
|
| LEADER |
03258nam a2200481 4500 |
| 001 |
978-3-319-97463-7 |
| 003 |
DE-He213 |
| 005 |
20191005141230.0 |
| 007 |
cr nn 008mamaa |
| 008 |
190307s2019 gw | s |||| 0|eng d |
| 020 |
|
|
|a 9783319974637
|9 978-3-319-97463-7
|
| 024 |
7 |
|
|a 10.1007/978-3-319-97463-7
|2 doi
|
| 040 |
|
|
|d GrThAP
|
| 050 |
|
4 |
|a HD28-70
|
| 072 |
|
7 |
|a KJC
|2 bicssc
|
| 072 |
|
7 |
|a BUS041000
|2 bisacsh
|
| 072 |
|
7 |
|a KJC
|2 thema
|
| 082 |
0 |
4 |
|a 658.4092
|2 23
|
| 100 |
1 |
|
|a O'Riordan, Chris.
|e author.
|4 aut
|4 http://id.loc.gov/vocabulary/relators/aut
|
| 245 |
1 |
0 |
|a Outsider Leadership
|h [electronic resource] :
|b Insights and Interviews from Business Leaders /
|c by Chris O'Riordan, Felicity Kelliher, Patrick C. Flood, Malcolm Higgs.
|
| 250 |
|
|
|a 1st ed. 2019.
|
| 264 |
|
1 |
|a Cham :
|b Springer International Publishing :
|b Imprint: Palgrave Macmillan,
|c 2019.
|
| 300 |
|
|
|a XV, 242 p.
|b online resource.
|
| 336 |
|
|
|a text
|b txt
|2 rdacontent
|
| 337 |
|
|
|a computer
|b c
|2 rdamedia
|
| 338 |
|
|
|a online resource
|b cr
|2 rdacarrier
|
| 347 |
|
|
|a text file
|b PDF
|2 rda
|
| 505 |
0 |
|
|a Introduction -- The Outsider Concept and Outsider Leader: A Literature Review -- From Politics to Business: How Wide is the Leadership Gap? -- Leading Within a Male Dominated Sector: The Female Outsider Leader Landscape -- Serial Outsider Leadership: Coming in From the Cold? -- Outside In and Out and In as a Serial Entrepreneur -- Outsider Leader in an Outside Market: The Challenges of Market Entry -- Outsider After the Fact: Leading in a Founder-Present Business -- Outsider by Birth: Leading in a Family Firm -- Conclusion.
|
| 520 |
|
|
|a Encompassing interviews with managing directors and CEOs, this book explores the role of business outsiders as leaders. Viewing the term 'outsider' in a broad sense, the book considers leader background, perspective, gender, training and family membership and examines the implications, challenges and benefits brought by outsider leaders to their respective business environments. The authors explore questions and themes such as how outsider leaders can enrich an organisation, the importance of relationships and adopting a 'hybrid' approach, illuminated by interviewee perspectives. Introducing discussion and analysis through these narratives, Outsider Leadership distils commonalities to frame understanding of their experiences.
|
| 650 |
|
0 |
|a Leadership.
|
| 650 |
|
0 |
|a Manpower policy.
|
| 650 |
1 |
4 |
|a Business Strategy/Leadership.
|0 http://scigraph.springernature.com/things/product-market-codes/515010
|
| 650 |
2 |
4 |
|a Human Resource Development.
|0 http://scigraph.springernature.com/things/product-market-codes/517010
|
| 700 |
1 |
|
|a Kelliher, Felicity.
|e author.
|4 aut
|4 http://id.loc.gov/vocabulary/relators/aut
|
| 700 |
1 |
|
|a Flood, Patrick C.
|e author.
|4 aut
|4 http://id.loc.gov/vocabulary/relators/aut
|
| 700 |
1 |
|
|a Higgs, Malcolm.
|e author.
|4 aut
|4 http://id.loc.gov/vocabulary/relators/aut
|
| 710 |
2 |
|
|a SpringerLink (Online service)
|
| 773 |
0 |
|
|t Springer eBooks
|
| 776 |
0 |
8 |
|i Printed edition:
|z 9783319974620
|
| 776 |
0 |
8 |
|i Printed edition:
|z 9783319974644
|
| 856 |
4 |
0 |
|u https://doi.org/10.1007/978-3-319-97463-7
|z Full Text via HEAL-Link
|
| 912 |
|
|
|a ZDB-2-BUM
|
| 950 |
|
|
|a Business and Management (Springer-41169)
|